|
|
|
|
| LEADER |
00000nas a2200000 a 4500 |
| 001 |
ssj0004329 |
| 003 |
WaSeSS |
| 005 |
20200512172242.0 |
| 006 |
m d |
| 007 |
cr n |
| 008 |
891027c19889999at qx p s 0 0eng |
| 010 |
|
|
|a 89650947
|
| 016 |
7 |
|
|a 010471565
|2 Uk
|
| 022 |
|
|
|l 1030-5033
|y 1030-5033
|
| 030 |
|
|
|a APLICI
|
| 035 |
|
|
|a (WaSeSS)ssj0004329
|
| 037 |
|
|
|b Auslib Press, PO Box 622, Blackwood, South Australia 5051
|
| 040 |
|
|
|a DLC
|b eng
|c DLC
|d NST
|d CAS
|d OCLCQ
|d DLC
|d OCLCA
|d OCLCQ
|d UKMGB
|d OCLCO
|d OCLCQ
|d OCLCF
|d OCLCO
|d U3G
|d WaSeSS
|
| 042 |
|
|
|a pcc
|
| 043 |
|
|
|a u------
|
| 050 |
0 |
0 |
|a Z870.A1
|b A78
|
| 082 |
0 |
0 |
|a 027.494
|2 20
|
| 245 |
0 |
0 |
|a Australasian public libraries and information services
|h [electronic resource].
|
| 246 |
1 |
7 |
|a Aplis
|
| 260 |
|
|
|a [Blackwood, S. Aust. :
|b Auslib Press,
|c 1988]-
|
| 310 |
|
|
|a Three or 4 no. a year
|
| 362 |
0 |
|
|a Vol. 1, no. 1 (Apr. 1988)-
|
| 500 |
|
|
|a Title from cover.
|
| 506 |
|
|
|a License restrictions may limit access.
|
| 588 |
|
|
|a Latest issue consulted: Vol. 2, no. 2 (June 1989)
|
| 650 |
|
0 |
|a Public libraries
|z Australasia
|v Periodicals.
|
| 650 |
|
0 |
|a Information services
|z Australasia
|v Periodicals.
|
| 650 |
|
7 |
|a Information services.
|2 fast
|0 (OCoLC)fst00972696
|
| 650 |
|
7 |
|a Public libraries.
|2 fast
|0 (OCoLC)fst01082640
|
| 651 |
|
7 |
|a Australasia.
|2 fast
|0 (OCoLC)fst01240888
|
| 655 |
|
0 |
|a Electronic journals.
|
| 850 |
|
|
|a DLC
|a NNC
|
| 856 |
4 |
0 |
|z Full text available from Research Library: 03/01/2009 to 12/31/2012
|u https://search.proquest.com/publication/54084
|